[Event "32nd GER-ch Seniors-65 2020"]
[Site "Magdeburg"]
[Date "2020.08.22"]
[Round "9.9"]
[White "Kuempers, Ulrich"]
[Black "Tchetchelnitski, Boris"]
[Result "1-0"]
[WhiteElo "2011"]
[BlackElo "2148"]
[Annotator "TA"]
[PlyCount "98"]
[EventDate "2020.08.14"]
[EventType "swiss"]
[EventCountry "GER"]
[SourceTitle "playchess.com"]
[Source "ChessBase"]
[SourceQuality "1"]

{[%evp 12,98,0,-3,-7,0,10,0,0,-5,-7,-23,-7,-22,-31,-40,-34,-40,-35,-72,-10,0,31,48,149,184,260,220,414,417,413,417,410,409,367,352,448,362,337,307,608,591,562,417,587,478,458,454,426,412,862,90,454,438,631,508,752,741,898,627,560,213,266,255,260,56,60,45,254,67,411,115,104,0,671,472,441,441,431,422,494,475,1229,1203,1479,1423,1288,1293,666]} 1. d4 Nf6 2. Nf3 e6 3. g3 b5 4. Bg2 Bb7 5. O-O Be7 6. a4 b4 7. c4 bxc3 {A46: 1 d4 Nf6 2 Nf3 e6: Torre, London and Colle Systems.} 8. bxc3 d5 {[#]} 9. Qb3 $146 ({Predecessor:} 9. Bf4 O-O 10. Nbd2 c5 11. c4 Nc6 12. dxc5 Bxc5 13. Qc2 Nb4 14. Qb2 dxc4 15. Nxc4 {0-1 (69) Inarkiev,E (2664)-Ponkratov,P (2610) St Petersburg 2015}) 9... Ba6 {The position is equal.} 10. Re1 Nbd7 11. Ba3 Rb8 12. Qc2 O-O 13. Nbd2 Bxa3 14. Rxa3 c5 15. c4 Qc7 (15... Rc8 $17) 16. cxd5 $11 exd5 17. dxc5 Rfc8 (17... Qxc5 $14 18. Rc3 Qa5) 18. Rc3 $16 Nxc5 (18... Rb4 {keeps fighting.}) 19. Rc1 Nfd7 $2 {[#]} (19... Bc4 {was called for.} 20. Bh3 (20. Nxc4 Nce4 $11) 20... Re8) 20. Ng5 $1 $18 {[%csl LRd5,LRh7]} g6 21. Bxd5 Qe5 22. Bxf7+ (22. Rxc5 $2 Rxc5 23. Bxf7+ Kh8 $19) 22... Kg7 23. Ndf3 Qf6 24. Bd5 h6 25. Nh3 (25. Rxc5 $2 Nxc5 26. h4 hxg5 $19) 25... Nb6 $2 (25... g5 26. Qd2 Bb7 27. Bxb7 Rxb7) 26. Nf4 Nbxa4 27. Ra3 (27. Rxc5 Nxc5 28. Nh4 Nd7 $16) 27... Nd3 (27... Kh7 $142 28. Ne5 Qf5 29. Nfxg6 Qxc2 30. Rxc2 Bb5) 28. Qc7+ (28. Rxa4 Rxc2 29. Rxc2 Nxf4 $14) ({Not} 28. Nxd3 Rxc2 29. Rxc2 Qd6 $16) 28... Rxc7 29. Rxc7+ Kh8 30. exd3 Bb5 (30... Qd6 $142 31. Rxa7 (31. Rxa4 Qxc7 32. Rxa6 Rb6 $16) 31... Qb6) 31. Rxa7 $2 (31. Nh4 $18 Qg7 32. Nhxg6+ Kh7 33. Ne7) 31... Nb6 $2 {[%mdl 8192]} (31... g5 $16 {is more resistant.}) 32. Be4 Be8 (32... Kg8 $142 33. Nxg6 Re8) 33. R3a6 g5 34. Nd5 Qd8 35. Nxb6 Rxb6 36. Rh7+ (36. Ra8 $142 Rb8 37. Rxh6+ Kg8 38. Ra7) 36... Kg8 37. Raa7 {Strongly threatening h4.} Qf6 38. Rhe7 $2 (38. Kg2 $18) 38... Kf8 $14 39. Reb7 Re6 $2 (39... Ra6 $14 40. Rxa6 Qxa6) 40. Kg2 $2 (40. Rb8 $18) 40... h5 $2 {[%mdl 8192]} ({Better is} 40... Ra6 $1 $14) 41. Ra8 $2 (41. Ra5 $18 {is more deadly.}) 41... g4 $16 {[#] Hoping for ...Rxe4.} 42. Nh4 (42. Nd2 $1 $16) 42... Ra6 $2 {[%mdl 8192]} (42... Rxe4 $11 43. dxe4 Qc6 44. Rxe8+ Kxe8) 43. Ng6+ {White is clearly winning.} Qxg6 44. Bxg6 {[%csl Gg6][%cal Ra8e8]} Rxa8 45. Bxe8 Rxe8 $18 {KR-KR} 46. Rb5 Rd8 (46... Kg7 $142 47. Rxh5 Kf6) 47. Rxh5 Rxd3 48. Rf5+ Ke7 49. Rf4 Ke8 {Accuracy: White = 50%, Black = 29%.} 1-0

[Event "32nd GER-ch Seniors-65 2020"]
[Site "Magdeburg"]
[Date "2020.08.22"]
[Round "9.10"]
[White "Kliewe, Hans-Juergen"]
[Black "Bogorad, Michail"]
[Result "1-0"]
[WhiteElo "2124"]
[BlackElo "2064"]
[Annotator "TA"]
[PlyCount "101"]
[EventDate "2020.08.14"]
[EventType "swiss"]
[EventCountry "GER"]
[SourceTitle "playchess.com"]
[Source "ChessBase"]
[SourceQuality "1"]

{[%evp 9,100,68,91,81,125,109,109,101,106,109,105,86,97,75,130,114,117,108,111,113,114,93,87,75,71,35,76,0,0,-12,12,10,35,-9,0,0,20,18,48,39,53,34,326,164,235,90,82,77,77,27,79,62,152,156,153,152,218,202,207,206,204,165,185,181,456,437,956,932,29986,986,891,881,1054,931,1637,1530,29983,29984,29991,5190,29993,29991,29991,29992,29995,29994,29994,29995,29996,29997,29998,29999,29999]} 1. d4 c5 2. c3 e6 3. Nf3 Qc7 4. e4 b6 5. Bd3 Bb7 6. O-O {B00: Queen's Fianchetto Defence, Nimzowitsch Defence.} Nc6 7. d5 {[#]} Nce7 $146 ({Predecessor:} 7... Ne5 8. Nxe5 Qxe5 9. f4 Qc7 10. c4 d6 11. Nc3 a6 12. Qa4+ b5 13. cxb5 Qb6 14. bxa6+ {1-0 (25) Angelov,G (2218)-Ivanov,O (1833) Ognjanovo 2010}) 8. c4 {White is better.} Ng6 9. Nc3 a6 10. Re1 Bd6 11. Qe2 {aiming for e5.} e5 (11... Ne5 $142) 12. a3 Nf6 13. Rb1 O-O 14. g3 Bc8 15. Qf1 Be7 16. Ng5 h6 17. Nh3 d6 {White must now prevent ...Qd7.} 18. f4 (18. f3 $16) 18... exf4 $1 $11 19. gxf4 Qd7 20. f5 Ne5 21. Nf4 Nxd3 22. Qxd3 Kh7 23. Kh1 Ng4 24. Qg3 Ne5 $1 25. Rg1 {[%csl Gg1][%cal Rg3g7]} Bg5 $4 {[%mdl 8192]} ({Black should try} 25... Rg8 $1 $14) 26. b3 (26. h4 $142 Bf6 27. Nh5) 26... Qe7 (26... Qd8 {might work better.} 27. h4 Bf6) 27. Rb2 (27. h4 $1 $18) 27... Rg8 $16 28. Rbg2 Bd7 29. Nce2 (29. Qe3 $5 {[%cal Rg2g5]} Bxf4 30. Qxf4 $16) 29... b5 (29... Rae8 $11) 30. Qh3 $36 {[%mdl 2048] White is more active. Black is on the road to losing.} f6 ({Better is} 30... Bh4 $14) 31. Ne6 Bxe6 32. dxe6 {Strongly threatening Bxg5.} (32. fxe6 $6 bxc4 33. bxc4 Nxc4 $11) 32... bxc4 {[#]} (32... Bxc1 $16 {keeps fighting.} 33. Rxc1 (33. Nxc1 Qb7 $14) 33... bxc4) 33. Bxg5 $1 $18 fxg5 34. Rxg5 cxb3 35. Qxb3 Rab8 36. Qh3 Rb2 $2 (36... Rb1 37. Rxg7+ (37. Rxb1 Qxg5 38. Qg3 Qd2 $16) 37... Rxg7 38. Rxb1 Ng4) 37. Nf4 {Threatens to win with Nd5.} Qb7 (37... Rd2 $142 38. Nd5 Rxd5) 38. Nd5 {Hoping for e7.} Rb3 {[#]} 39. R5g3 (39. Rxg7+ $142 $1 {[%mdl 512]} Qxg7 40. Rxg7+ Kxg7 41. Qxb3 Kh8 42. Nf6 Ng4 43. Nxg8 c4 44. Qb7) 39... Rxg3 40. Qxg3 ({Less strong is} 40. hxg3 Nf3 $16) 40... c4 41. f6 {Intending f7 and mate.} g6 42. Rf1 Rc8 43. f7 c3 44. Qf4 (44. e7 $142 Qxe7 {[%mdl 64] Remove Defender} 45. Nxe7 c2 46. Nxc8 c1=R 47. f8=Q Rxf1+ 48. Qxf1 h5 49. Nxd6 Kh6 50. Qxe5 Kh7 51. Qf7+ Kh6 52. Qfg7#) 44... c2 45. f8=Q {[%mdl 64] Promotion. White mates.} Rxf8 46. Qxf8 {[%cal Rd5f6]} g5 47. Qf5+ Kg7 48. e7 Qb5 49. Qf8+ Kh7 50. Nf6+ Kg6 51. Qg8# {Accuracy: White = 62%, Black = 46%.} 1-0

[Event "32nd GER-ch Seniors-65 2020"]
[Site "Magdeburg"]
[Date "2020.08.22"]
[Round "9.11"]
[White "Krauseneck, Peter"]
[Black "Cichy, Michael"]
[Result "1/2-1/2"]
[WhiteElo "2120"]
[BlackElo "2038"]
[Annotator "TA"]
[PlyCount "157"]
[EventDate "2020.08.14"]
[EventType "swiss"]
[EventCountry "GER"]
[SourceTitle "playchess.com"]
[Source "ChessBase"]
[SourceQuality "1"]

{[%evp 9,157,-27,-27,-19,-23,-29,-29,-26,-25,-35,-38,-41,-25,-41,-25,-64,-40,-51,-45,-53,-55,-63,-47,-64,-60,-78,-89,-102,-99,-123,-101,-136,-135,-151,-82,-93,-94,-93,-83,-303,-301,-437,-422,-397,-405,-482,-484,-549,-549,-537,-531,-524,-448,-728,-708,-702,-510,-579,-571,-863,-330,-324,-316,-312,-377,-373,-368,-356,-355,-322,-292,-448,-448,-448,-448,-467,-198,-8095,-8095,-6444,-5085,-7491,-6748,-6513,-7108,-6513,-2473,-1992,-1487,-6092,-6304,-5177,-2999,-1826,-1712,-8095,-8095,-6513,-363,-363,-8,-8,-8,-8,-8,-8,-8,-8,-8,-8,-8,-8,-8,-8,-8,-8,-8,-8,0,-8,-8,-8,-8,-8,-8,-8,-8,-8,-8,-8,-8,-8,-8,-8,0,-8,-8,-8,-8,-8,0,-8,0,0,0,0,0,0,0,0]} 1. d4 Nf6 2. f4 e6 3. e3 c5 4. Nf3 cxd4 5. exd4 g6 6. Bd3 {A45: Trompowsky Attack.} Bg7 7. O-O O-O {[#]} 8. Nbd2 $146 {Black has an edge.} ({Predecessor:} 8. c3 b6 9. Qe2 Bb7 10. a4 Nc6 11. Nbd2 Qc7 12. Nc4 Nd5 13. Ng5 h6 14. Ne4 Ndb4 15. Ned6 Nxd3 16. Qxd3 Na5 17. Nxa5 {½-½ (17) Gleizerov,E (2565)-Matsenko,S (2460) Senta 2012}) 8... Nc6 9. Nc4 Qc7 10. c3 b5 11. Nce5 Rb8 12. Qe1 d6 13. Nxc6 Qxc6 14. Bd2 a6 15. Qh4 Bb7 16. Rae1 Qd5 17. Bb1 a5 18. b3 a4 19. Bc2 axb3 20. axb3 Ra8 21. Rf2 Qh5 (21... Ra2 $142 22. Rc1 Rfa8) 22. Qxh5 $17 Nxh5 23. Bd3 {[#]} b4 $1 {[%cal Bb5b4,Bb4c3][%mdl 544]} 24. g4 $2 (24. cxb4 $17 Bxf3 25. Rxf3) 24... bxc3 $19 25. Be3 (25. Bxc3 $142 Nxf4 26. Bf1) 25... Nf6 26. h3 Nd5 27. Be4 f5 28. gxf5 exf5 29. Bxd5+ Bxd5 30. Rc1 Rac8 {aiming for ...Rfe8.} 31. Rff1 (31. Ne1 $142 Bxb3 32. Re2) 31... Rfe8 32. Kf2 Bxb3 33. Rb1 Bd5 {...c2 is the strong threat.} 34. Rb6 Rc6 $2 (34... c2 35. Bd2 Bc4) 35. Rxc6 Bxc6 36. Rc1 Bxf3 37. Kxf3 {[%mdl 4096] Endgame KRB-KRB} Rc8 38. Ke2 d5 39. Kd3 Rc4 40. Rxc3 (40. Ra1 $142) 40... Rxc3+ 41. Kxc3 {KB-KB} Kf7 42. Kb4 Ke6 (42... Bf6 $142 43. Bf2 h6) 43. Kc5 $2 (43. Kc3) 43... Bf8+ 44. Kc6 Bd6 45. Bd2 Be7 46. Be1 h6 47. h4 Ba3 (47... g5 $142 48. hxg5 hxg5) 48. Bd2 Bd6 49. Kb5 Be7 50. Be1 g5 51. fxg5 hxg5 52. hxg5 Bxg5 53. Bf2 f4 $2 (53... Bc1 54. Bh4 Bf4) 54. Kc6 {[#]} Be7 $2 (54... Bf6 $1 $19 {[%cal Rf6h8]} 55. Kc5 f3) 55. Be1 $11 {The position is equal.} f3 {Threatening ...Bg5.} 56. Bf2 Ba3 {next ...Be7 is good for Black.} 57. Be1 Bc1 58. Bf2 Bg5 59. Kc5 Bf4 60. Kc6 Bd6 61. Kb5 Bf8 62. Kc6 Be7 63. Bg3 Ba3 (63... Bf6 {is interesting.} 64. Kc5 Kf5 65. Kxd5 Kg4 66. Bf2 Bh4) 64. Bh4 Bb2 (64... Kf5 {seems wilder.} 65. Kxd5 Bc1 66. Bf2 Kf4 67. Kc4 Be3) 65. Bf2 Bc1 66. Kc5 Bh6 {And now ...Bf8+ would win.} 67. Bg1 Bf8+ 68. Kc6 Bb4 69. Bf2 $1 Bd2 {Strongly threatening ...Bb4.} 70. Kc5 Bg5 71. Kc6 $1 Be7 {Threatens to win with ...Bb4.} 72. Bg3 Kf5 {Hoping for ...Ke4.} 73. Kxd5 Kg4 74. Bf2 Kh3 75. Ke6 Kg2 (75... Bh4 $5 76. Be3 $8 Kg4 $11) 76. Be1 {[#]} Bb4 $1 {[%mdl 512]} 77. Bh4 (77. Bxb4 f2) 77... Kf1 {White must now prevent ...Be1.} 78. d5 Be1 79. Bxe1 {Whites escaped into a draw. Accuracy: White = 65%, Black = 78%.} 1/2-1/2

[Event "32nd GER-ch Seniors-65 2020"]
[Site "Magdeburg"]
[Date "2020.08.22"]
[Round "9.12"]
[White "Haase, Wolfgang"]
[Black "Simon, Ralf-Axel"]
[Result "1/2-1/2"]
[WhiteElo "2002"]
[BlackElo "2105"]
[Annotator "TA"]
[PlyCount "52"]
[EventDate "2020.08.14"]
[EventType "swiss"]
[EventCountry "GER"]
[SourceTitle "playchess.com"]
[Source "ChessBase"]
[SourceQuality "1"]

{[%evp 9,52,-33,17,13,33,2,34,-13,13,-13,35,-49,18,-100,-41,-31,-28,-62,-64,-52,-21,-103,-92,-84,-90,-109,-4,-121,-119,-129,-50,-149,-131,-173,-180,-273,-243,-268,-245,-296,-291,-302,-189,-285,0]} 1. Nf3 d5 2. d4 Nf6 3. Bf4 c5 4. e3 Nc6 5. c4 e6 6. Nc3 {Nb5 is the strong threat. D02: 1 d4 d5 2 Nf3 sidelines, including 2...Nf6 3 g3 and 2...Nf6 3 Bf4.} a6 7. Ne5 Bd6 {[#]} (7... cxd4 {seems wilder.} 8. exd4 Bd6 9. cxd5 Nxd5 10. Nxc6 bxc6 11. Bxd6 Qxd6 12. Bd3 Rb8) 8. Bg3 $146 {White is slightly better.} ({Predecessor:} 8. cxd5 exd5 9. Qa4 Bxe5 10. dxe5 Nh5 11. Rd1 Be6 12. Ne4 O-O 13. Nxc5 b5 14. Nxe6 fxe6 {0-1 (51) Lubuuto,B (1529)-Garcia Mendez,A (1815) Baku 2016}) 8... O-O 9. Rc1 Qe7 10. Bd3 ({White should try} 10. cxd5 $14 exd5 11. Nxc6 bxc6 12. Bxd6 Qxd6 13. dxc5 Qxc5 14. Bd3) 10... Rd8 (10... cxd4 $15 11. exd4 dxc4 12. Bxc4 Qc7) 11. O-O (11. cxd5 $11 exd5 12. Nxc6 bxc6 13. O-O) 11... cxd4 (11... dxc4 $1 $17 12. Nxc6 bxc6 13. Bxc4 Bxg3 14. fxg3 cxd4 15. exd4 Qa7) 12. Nxc6 $15 bxc6 13. exd4 Bxg3 14. hxg3 c5 15. dxc5 (15. Ne2 $1 $11) 15... dxc4 $17 16. Qf3 {Hoping for Bxh7+!} Bb7 $1 {[%cal Rb7f3]} ({Of course not} 16... cxd3 $6 17. Qxa8 Ng4 18. Qf3 $14) 17. c6 Bxc6 {[#]} ({Don't take} 17... Rxd3 18. cxb7 Rb8 19. Qf4 $15) ({Black should play} 17... cxd3 $17 18. cxb7 Rab8) 18. Qxc6 (18. Bxh7+ $1 $11 {[%mdl 512] keeps the balance.} Kxh7 (18... Nxh7 19. Qxc6) 19. Qxc6) 18... cxd3 19. Rfd1 Qd6 (19... Ra7 $17 20. Nb1 h6) 20. Qf3 (20. Qxd6 $15 Rxd6 21. Nb1) 20... Rab8 $36 {[%mdl 2048] Black is on the roll.} 21. Rd2 {[#]} Rb4 $1 {[#]} 22. Rcd1 (22. Ne2 $1 {[%mdl 512] was called for.}) 22... Rd4 $19 23. Re1 h6 24. a3 Kh8 25. Re3 Qd7 26. Re5 (26. Ne4 $142 Nxe4 27. Rxe4) 26... Qd6 $2 {Accuracy: White = 23%, Black = 49%.} (26... Ng4 $19 27. Re4 f5 28. Rxd4 Qxd4) 1/2-1/2